Comunicación organizacional práctica : manual gerencial /

Manual que proporciona información a los mandos gerenciales y a los ejecutivos para mantener una comunicación funcional en el área de trabajo. Se contextualiza lo que es el proceso de comunicación, los tipos de comunicación que se puede dar en la empresa y cómo mejorar los canales de comunicativos.

Đã lưu trong:
Chi tiết về thư mục
Tác giả chính: Martínez de Velasco, Alberto (coordinación)
Tác giả khác: Nosnik, Abraham (coordinación) (coordinación)
Định dạng: Sách
Ngôn ngữ:Tiếng Tây Ban Nha
Được phát hành: México : Trillas, 2004, c2004
Những chủ đề:
Các nhãn: Thêm thẻ
Không có thẻ, Là người đầu tiên thẻ bản ghi này!

MARC

LEADER 00000nam^a2200000^a^4500
001 000181648
005 20250521000000.0
009 20260310101939.426
020 |a 968-24-2600-6 
037 |a Acervo ITESO - Biblioteca 
041 |a ESP 
082 |a 658. 45  |b MAR 
100 |a Martínez de Velasco, Alberto  |e (coordinación) 
245 1 0 |a Comunicación organizacional práctica :  |b manual gerencial /  |c Coord. de A. Martínez de Velasco, A. Nosnik. 
264 4 |a México :  |b Trillas,  |c 2004, c2004 
300 |a 111 p. 
336 |a texto  |b txt  |2 rdacontenido 
337 |a sin mediación  |b n  |2 rdamedio 
338 |a volumen  |b nc  |2 rdasoporte 
520 |a Manual que proporciona información a los mandos gerenciales y a los ejecutivos para mantener una comunicación funcional en el área de trabajo. Se contextualiza lo que es el proceso de comunicación, los tipos de comunicación que se puede dar en la empresa y cómo mejorar los canales de comunicativos. 
521 |a 2012 BO Licenciatura en Ciencias de la Comunicación 
521 |a 2012 BO Licenciatura en Comunicación y Artes Audiovisuales 
521 |a 2012 BO Licenciatura en Periodismo y Comunicación Pública 
521 |a 2012 BO Licenciatura en Publicidad y Comunicación Estratégica 
649 |a XX 
650 |a Motivación 
650 |a Productividad 
650 |a Retroalimentación 
650 |a Relaciones Empleado-Empleador 
650 |a Relaciones Laborales 
650 |a Cultura Organizacional 
650 |a Comunicación Organizacional -  |x Tema Principal 
650 |a Ciencias Administrativas 
700 |a Nosnik, Abraham  |e (coordinación) 
910 |a Fondo General 
920 |a Impresos - Libros 
930 |a Colección General 
905 |a 101 
901 |a 0500121477  |b IT1  |c ACC  |u 20250521 
902 |a https://opac.biblio.iteso.mx/vufind/Record/000181648